000 01116nam0a22002531 4500
001 rc\580983
005 20031121162909.9
035 _a(NLR Aleph) 005828685
090 _a5556763
_c5556763
100 _a20031121d1987 u |0rusy50 ca
101 0 _arus
102 _aRU
105 _aa |||||||||
200 1 _aНовые виды древесных растений и беспозвоночных фанерозоя Сибири
_eСб. науч. тр.
_fСиб. НИИ геологии, геофизики и минер. сырья
_g[Редкол.: В.С. Сурков (гл. ред.) и др.]
210 _aНовосибирск
_cСНИИГГИМС
_d1987
215 _a111 с., XXVII л. ил.
_d20
320 _aБиблиогр. в конце ст.
702 1 _aСурков
_bВ. С.
_gВиктор Семенович
_4340
712 0 2 _aСибирский НИИ геологии, геофизики и минерального сырья
_cНовосибирск
_3RU\NLR\AUTH\8810004284
801 0 _aRU
_bNLR
_gpsbo
801 1 _aRU
_bELAR
_2rusmarc
852 _aNLR
_j87-3/14111
942 _cBOOK
980 _aNB